Fray Luis de Granada (Record no. 172035)

MARC details
000 -LEADER
campo de control de longitud fija 00749nam a2200217 i 4500
001 - NÚMERO DE CONTROL
campo de control 172035
003 - IDENTIFICADOR DE NÚMERO DE CONTROL
campo de control ES-MaACL
005 - FECHA Y HORA DE LA ÚLTIMA TRANSACCIÓN
campo de control 20250821111723.0
008 - DATOS DE LONGITUD FIJA--INFORMACIÓN GENERAL
campo de control de longitud fija 090612s1988 sp |||| | spa d
017 ## - NÚMERO DE COPYRIGHT O DE DEPÓSITO LEGAL
Número de copyright o de depósito legal M 43228-1987
020 ## - NÚMERO INTERNACIONAL ESTÁNDAR DEL LIBRO
Número Internacional Estándar del Libro 84-220-1310-X
100 1# - ENTRADA PRINCIPAL--NOMBRE DE PERSONA
Nombre de persona Huerga, Álvaro (
Fechas asociadas al nombre 1923-2018)
9 (RLIN) 140640
245 10 - MENCIÓN DEL TÍTULO
Título Fray Luis de Granada
Resto del título : una vida al servicio de la Iglesia /
Mención de responsabilidad, etc. por Álvaro Huerga.
260 ## - PUBLICACIÓN, DISTRIBUCIÓN, ETC.
Lugar de publicación, distribución, etc. Madrid :
Nombre del editor, distribuidor, etc. La Editorial Católica,
Fecha de publicación, distribución, etc. 1988.
300 ## - DESCRIPCIÓN FÍSICA
Extensión XXXVI, 314 p., 1 h. ;
Dimensiones 20 cm.
490 1# - MENCIÓN DE SERIE
Mención de serie Biblioteca de autores cristianos ;
Designación de volumen o secuencia 496
600 04 - PUNTO DE ACCESO ADICIONAL DE MATERIA--NOMBRE DE PERSONA
Nombre de persona Luis de Granada,
Títulos y otros términos asociados al nombre (O.P.),
Fechas asociadas al nombre 1504-1588
9 (RLIN) 74687
830 00 - PUNTO DE ACCESO ADICIONAL DE SERIE-TÍTULO UNIFORME
Título uniforme Biblioteca de autores cristianos
Designación de volumen o secuencia 496
9 (RLIN) 178679
852 ## - LOCALIZACIÓN
Ubicación ES-MaACL
Número de control de estantería J-483
itemnumber R.46092
Holdings
Estatus retirado Estado de pérdida Estado de daño No para préstamo Biblioteca de origen Biblioteca actual Ubicación en estantería Fecha de adquisición Fuente de adquisición Total de préstamos Signatura topográfica completa Código de barras Visto por última vez Precio de reemplazo Tipo de ítem Koha
        Biblioteca del Ateneo de Madrid Biblioteca del Ateneo de Madrid Depósito 2 12/06/2009     J-483 1180540 23/02/2023 23/02/2023 Libro impreso